00425 2200157 4500245006200000250001100062100002100073650001900094650001800113005001900131260006100150041001400211084001200225300002100237336000900258 aBahaya Merokok Bagi Generasi MudacFreddy H. TulunghText aCet. 1 aFreddy H. Tulung aBahaya Merokok aGenerasi Muda a20230510074030 aJakartabKementerian Komunikasi dan Informatika RIc2013 aIndonesia a362.296 a71 hlm. :cilus. atext